000 01098nam a2200301 4500
001 0000014052
003 CO-CtgCURN
005 20250828171340.0
008 160627s1998 000 0 eng d
020 _a9586531511
040 _aCO-CtgCURN
_bspa
_ccoctgcurn
082 0 _a347.605
_bV153t
100 1 _aValdes Sánchez, Roberto.
245 1 3 _aLa transacción :
_bsolucion alternativa de conflictos /
_cRoberto Valdes Sánchez.
250 _a2a ed.
260 _aBogotá :
_bLegis,
_c1998.
300 _a310 p.
336 _2rdacontent
337 _2rdamedia
_asin mediacion
_bn
338 _2rdacarrier
_avolumen
_bnc
490 1 _aAlternativas para la solucion de conflictos
504 _aBibliografia (p. 303-310)
505 8 _aLas alternativas a la justicia ordinaria para la solucion de conflictos.--Aspectos fundamentales de la transacion.--Aplicacion del contrato de transacción
650 0 _aAdministración de justicia civil.
908 _a160627
942 _cBK
_h347.605
_iV153t
_2ddc
999 _c49816
_d49816
_x1